| 000 | 00501nam a22001937a 4500 | ||
|---|---|---|---|
| 999 |
_c18807 _d18807 |
||
| 003 | OSt | ||
| 005 | 20201102161320.0 | ||
| 008 | 160815b xxu||||| |||| 00| 0 eng d | ||
| 020 | _a9780440244714 | ||
| 040 |
_aMMU _bMMU _cMMU _deng |
||
| 050 |
_aPS3555 _b.G75 2007 |
||
| 100 | _aGrisham, John | ||
| 245 |
_aPlaying for Pizza / _cJohn Grisham |
||
| 260 |
_aNew York : _bDoubleday, _c 2007. |
||
| 300 | _a308 p. : | ||
| 650 | _aFootball Stories | ||
| 650 | _asport stopries | ||
| 942 |
_2lcc _cFICTION |
||